Patente de corso: 1993-1998

Uloženo v:
Podrobná bibliografie
Hlavní autor: Pérez-Reverte, Arturo (Autor)
Médium: Kniha
Jazyk:španělština
Vydáno: Bogotá Alfaguara 1998
Vydání:2a. ed
Témata:
Tagy: Přidat tag
Žádné tagy, Buďte první, kdo vytvoří štítek k tomuto záznamu!

MARC

LEADER 00000nam a2200000 a 4500
001 UCM2438
003 CL-VaPUC
008 020510e19980000CK |||||||||||||||||spa|d
082 0 4 |a 864  |b PER  |2 21 
100 0 |a Pérez-Reverte, Arturo  |e author  |9 469192 
245 1 0 |a Patente de corso: 1993-1998 
250 |a 2a. ed 
300 |a 527 p 
942 |c BK 
945 |d 20020510 00:00:00  |a cmena 
260 |a Bogotá  |b Alfaguara  |c 1998 
650 0 |a Ensayos españoles  |9 313128 
583 |a last modification  |c 20020510 00:00:00  |k Rodrigo Vera 
999 |c 300283  |d 300281 
952 |0 0  |1 0  |4 0  |6 864_000000000000000_PER_1998  |7 0  |8 A  |9 357864  |a BIBEDU  |b BIBEDU  |d 2019-11-21  |i 3660028  |o 864 PER 1998  |p 3660028  |r 2019-11-21  |w 2019-11-21  |y BK  |k LIT